Statistics for London Football Clubs to Location Map

Click here to take the quiz!

General Stats

  • This quiz has been taken 69 times
    (17 since last reset)
  • The average score is 7 of 12

Answer Stats

Answer % Correct
Fulham*
87%
Chelsea*
87%
Brentford
60%
Arsenal*
60%
Tottenham Hotspur*
60%
Wimbledon (AFC)
53%
Queens Park Rangers
47%
West Ham United*
47%
Crystal Palace*
47%
Leyton Orient
40%
Millwall
33%
Charlton Athletic
33%

Score Distribution

Percentile by Number Answered

Percent of People with Each Score

Your Score History

You have not taken this quiz since the last reset